000 00619nam a2200205Ii 4500
003 JO-AjNU
008 230605s9999||||xx |||||||||||||| ||und||
017 _a2004/5/1166
040 _aJO-AjNU
_bara
_erda
_cJO-AjNU
041 _aara
050 1 4 _aPJ7842.A936 N34 2004
100 3 _aكايد، احمد,
_eauthor
_952931
245 0 0 _aنافذة على الجنة
264 3 1 _aعمان: المؤلف، 2004
300 _a111ص
336 _atext
_btxt
_2rdacontent
337 _aunmediated
_bn
_2rdamedia
338 _avolume
_bnc
_2rdacarrier
650 4 _aالنثر العربي - مصر - القرن 20
_952932
999 _aA23476
_c27044
_d27044